|
|
|
|
| LEADER |
00000cam a2200000 7i4500 |
| 001 |
0000007226 |
| 005 |
20051031093000.0 |
| 008 |
021119s1992 |
| 020 |
|
|
|a 043528973X
|
| 090 |
0 |
0 |
|a LB1050
|b .N8
|
| 100 |
0 |
|
|a Nuttall, Christine ,
|e author
|
| 245 |
1 |
0 |
|a Teaching reading skills in a foreign language
|c Christine Nuttall
|
| 260 |
2 |
|
|a London :
|b Heinemann ,
|c 1992
|
| 300 |
|
|
|a 235 p. ;
|c 23 cm.
|
| 440 |
0 |
0 |
|a Practical language teaching
|v no. 9
|
| 504 |
|
|
|a Includes bibliography (p. 231)
|
| 650 |
|
0 |
|a Reading
|x Study and teaching
|x Foreign students
|
| 999 |
|
|
|a 1000026483
|b Book
|c OPEN SHELF (30 DAYS)
|e Gong Badak Campus
|